Statistics for Spell Check #4

Click here to take the quiz!

General Stats

  • This quiz has been taken 1,814 times
  • The average score is 15 of 20

Answer Stats

Sentence Correction % Correct
The blizzard is forecast to be record-breaking; I'm not sure weather we should stay or flee.whether
97%
Think before you speak; a poorly chosen word may effect people in ways that you neither intend nor expect.affect
97%
On your way home, be sure to drive safety, keep your eyes on the road, and watch out for ice on bridges.safely
97%
If we keep playing like this, we will certainly loose the match; I can't make it any plainer than that.lose
95%
My first suspension was at age eight, when I "accidentally" through a snowball at my third-grade teacher.threw
94%
How are we supposed to accomplice what we came for, with that guard dog making such a racket?accomplish
92%
When he asked me to marry him, I could barley believe it--but I still said "yes" without hesitation.barely
90%
From the prospective of the uninitiated, our rituals must seem pointless and bizarre--but they serve us well.perspective
80%
I support capital punishment for all rapists, murders, and traitors; what they have done is unforgivable.murderers
76%
The newlyweds were feeling so exuberate that they found themselves incapable of solemnity.exuberant
75%
Watching the cat chase it's tail was a source of great hilarity, until it knocked over the bookshelf.its
74%
I don't wan't to be rude, but you're standing on my foot and I'd like you to move immediately.want
71%
Sooner or later, their crimes will catch up with them and they'll receive their just desserts.deserts
70%
My dignity is still in tact, but I can't say the same thing for my tranquility--I'm scared witless.intact
69%
Some of the passengers of the roller coaster were squealing with joy; others were shuttering with terror.shuddering
65%
After pouring over old manuscripts for eight hours straight, the graduate student started sneezing uncontrollably.poring
61%
Using high-quality résumé paper, purchased from a fine-stationary store, shows employers that you're detail-oriented.stationery
60%
Vatican City is the world's smallest sovereign nation, and is administered directly by the Holy Sea.See
49%
He glared so surly at me that I thought he was about to throw a punch; but then he stormed out.surlily
45%
If the encrypted message means what I think it does, than we literally have no time to waste.then
44%

Score Distribution

Percentile by Number Answered

Percent of People with Each Score

Your Score History

You have not taken this quiz